ბათუმის შოთა რუსთაველის სახელმწიფო უნივერსიტეტის ბიბლიოთეკა

Анания Ширакаци / (ბიბ.ჩანაწერი № 61068)

000 -LEADER
fixed length control field 00581nam a22001577a 4500
005 - DATE AND TIME OF LATEST TRANSACTION
control field 20231213123944.0
008 - FIXED-LENGTH DATA ELEMENTS--GENERAL INFORMATION
fixed length control field 231213s1970 ru ||||| |||| 00| 0 rus d
041 ## - LANGUAGE CODE
Language code of text/sound track or separate title rus
080 ## - UNIVERSAL DECIMAL CLASSIFICATION NUMBER
Universal Decimal Classification number 94(495) A-16
100 ## - MAIN ENTRY--PERSONAL NAME
Personal name Абрамян, А.
9 (RLIN) 20698
245 ## - TITLE STATEMENT
Title Анания Ширакаци /
Statement of responsibility, etc. А. Г. Абрамян, Г. Б. Петросян.
264 ## - PRODUCTION, PUBLICATION, DISTRIBUTION, MANUFACTURE, AND COPYRIGHT NOTICE
Place of production, publication, distribution, manufacture Ереван:
Name of producer, publisher, distributor, manufacturer Издательство Ереванского университета,
Date of production, publication, distribution, manufacture, or copyright notice 1970.
300 ## - PHYSICAL DESCRIPTION
Extent 175 с.;
Other physical details 20 cm.
700 ## - ADDED ENTRY--PERSONAL NAME
Personal name Петросян, Г. Б
Relator term ავტორი
9 (RLIN) 20699
942 ## - ADDED ENTRY ELEMENTS (KOHA)
Source of classification or shelving scheme
Koha item type წიგნი
ეგზემპლარები
Withdrawn status Lost status Source of classification or shelving scheme Damaged status Not for loan Permanent Location Current Location Shelving location Date acquired Cost, normal purchase price Full call number Barcode Date last seen Copy number Uniform Resource Identifier Price effective from Koha item type Public note
          ბათუმის შოთა რუსთაველის სახელმწიფო უნივერსიტეტის მთავარი ბიბლიოთეკა ბათუმის შოთა რუსთაველის სახელმწიფო უნივერსიტეტის მთავარი ბიბლიოთეკა წიგნსაცავი 2023-12-13 5.00 94(495) A-16 65587 2023-12-13 65587 ბსუ-ს საპატიო დოქტორის გურამ ლორთქიფანიძის საჩუქარი 2023-12-13 წიგნი 5 ლ.